000 00631nam a2200277Ia 4500
005 20260324121951.0
008 008 260324s9999 xx 000 0 eng d
020 _a9780429086809
037 _aEBOOK
040 _aCRL
040 _beng
040 _cCRL
041 _2eng
041 _aeng
084 _qCRL
100 _aEric B. Holmgren
_91164588
245 0 _aTheory of Drug Development
260 _bTaylor and Francis
260 _c2013
365 _a
365 _b200
856 _uhttp://www.taylorfrancis.com/books/9780429086809
942 _cEBOOK
999 _c1756998
_d1756998